Statistics for Every The Commodores song that hit the Billboard hot 100

Click here to take the quiz!

General Stats

  • This quiz has been taken 4 times
  • The average score is 10 of 25

Answer Stats

Peak Chart PositionYearSong% Correct
81981Lady (You Bring Me Up)
100%
11978Three Times A Lady
75%
41977Easy
75%
41981Oh No
75%
51977Brick House
75%
11979Still
75%
41979Sail On
50%
71976Just To Be Close To You
50%
541980Heroes
50%
431985Animal Instinct
25%
751974I Feel Sanctified
25%
701983Painted Picture
25%
661982Why You Wanna Try Me
25%
651986Goin' To The Bank
25%
541983Only You
25%
221974Machine Gun
25%
391977Fancy Dancer
25%
381978Flying High
25%
251980Wonderland
25%
241978Too Hot Ta Trot
25%
191975Slippery When Wet
25%
51976Sweet Love
25%
31985Nightshift
25%
871985Janet
25%
201980Old-Fashion Love
0%

Score Distribution

Percentile by Number Answered

Percent of People with Each Score

Your Score History

You have not taken this quiz